[Event "Erbil Khanzad Cup 11th"]
[Site "Erbil"]
[Date "2018.06.01"]
[Round "4"]
[White "Samir, Anwar Mohammed"]
[Black "Mimoon, Ghazi Azeez"]
[Result "0-1"]
[WhiteElo "1365"]
[BlackElo "1511"]
[PlyCount "99"]
[EventDate "2018.05.31"]
[EventType "swiss"]
[EventRounds "7"]
[EventCountry "IRQ"]
[SourceTitle "EXT 2019"]
[Source "ChessBase"]
[SourceDate "2018.10.10"]
[SourceVersion "1"]
[SourceVersionDate "2018.10.10"]
[SourceQuality "1"]

1. e4 e6 2. d4 d5 3. e5 c5 4. c3 Nc6 5. Nf3 Qa5 6. Be3 Qb6 7. b3 cxd4 8. Bxd4 Nxd4 9. cxd4 Bb4+ 10. Nbd2 Bc3 11. Rc1 Bxd4 12. Nxd4 Qxd4 13. Nf3 Qxd1+ 14. Rxd1 Bd7 15. Bd3 Ne7 16. 0-0 0-0 17. Ng5 h6 18. Nf3 Rac8 19. Nd4 a6 20. f4 g6 21. Rf3 Rc7 22. g4 Rfc8 23. f5 Rc1 24. Rxc1 Rxc1+ 25. Kf2 Ra1 26. a4 Ra2+ 27. Kg3 Rd2 28. h3 exf5 29. gxf5 gxf5 30. Bxf5 Bxf5 31. Nxf5 Nxf5+ 32. Rxf5 Rd3+ 33. Rf3 Rxf3+ 34. Kxf3 Kf8 35. Kf4 Ke7 36. Kf5 a5 37. h4 h5 38. Kg5 Ke6 39. Kxh5 Kxe5 40. Kg4 f5+ 41. Kf3 d4 42. h5 Kf6 43. Ke2 Kg5 44. Kd3 Kxh5 45. Kxd4 f4 46. Kd3 Kg4 47. Ke2 Kg3 48. Kf1 Kf3 49. Ke1 Kg2 50. Kd2 0-1